000 00339nam a2200145Ia 4500
008 191201s2011 xx 000 0 und d
082 _a658.87
_bSCC
100 _aSCHIFFMAN,Leon G
245 0 _aConsumer Behavior
250 _a9th
260 _aN.Delhi
_bPearson Education
_c2011
300 _a486+misc
650 _aMBA
942 _2ddc
_cBK
999 _c2676
_d2676